000 00654nam a2200193 i 4500
001 bg
245 0 0 _aBelarus'- fakty 2006
_h[Dokument elektroniczny] /
_cMinisterstvo Innostrannych Del Respubliki Belarus'.
260 _a[Minsk] :
_bKavaler,
_ccop. 2006.
300 _a1 dysk optyczny (CD ROM) :
_bfot., mapy kolor. ;
_c12 cm.
500 _aDane tekstowe.
500 _aWymagania systemowe: IBM PC, Windows 98 lub nowsze, karta graficzna, czytnik CD ROM, IE.
651 9 _aBiałoruś
655 _aDokumenty elektroniczne
040 _cBPK
041 w _arusengfra
080 _a913(476)
942 _cCD
008 s pl f |000 0 pol
999 _c24093
_d24093